| 000 | 00550nam a22001577a 4500 | ||
|---|---|---|---|
| 003 | SGT | ||
| 020 | _a0333930819 | ||
| 082 | _a658,HAN | ||
| 100 | _aHANNAGAN TIM | ||
| 245 | _aMANAGEMENT CONCEPTS & PRACTICES | ||
| 260 |
_aNEW DELHI _bIBH _c1995 |
||
| 300 | _a656 | ||
| 650 | _aMANAGEMENT | ||
| 653 | _aTHE CHALLENGE OF MANAGEMENT, LEADERSHIP, FOCUS ON THE CUSTOMER, MARKETING,STRATEGIC MANAGEMENT, TOTAL QUALITY MANAGEMENT, MANAGEMENT CONTROL, HUMAN RESOURCE MANAGEMENT, FINANCIAL MANAGEMENT, MULTINATIONAL MANAGEMENT | ||
| 942 |
_2ddc _cFCM _04 |
||
| 999 |
_c8901 _d8901 |
||